KU National Championship Opponents - Statistics

General Stats
  • This quiz has been taken 10 times
  • The average score is 6 of 10
Answer Stats
Hint Answer % Correct
1991 65-72 L Duke
100%
2012 59-67 L Kentucky
83%
1957 53-54 L North Carolina
83%
2022 72-69 W North Carolina
83%
2003 78-81 L Syracuse
67%
2008 75-68 W Memphis
50%
1988 83-79 W Oklahoma
50%
1952 80-63 W St Johns
33%
1940 42-60 L Indiana
17%
1953 68-69 L Indiana
17%
No matching quizzes found
Score Distribution
Percent of People with Each Score
Percentile by Number Answered
Your Score History
You have not taken this quiz